| 000 | 01072nam a2200229 4500 | ||
|---|---|---|---|
| 005 | 20250507100915.0 | ||
| 008 | 250507b |||||||| |||| 00| 0 eng d | ||
| 020 | _a9781009436212 | ||
| 037 | _cTextual | ||
| 040 |
_aRTL _cRTL |
||
| 084 |
_aB28 R4 _qRTL |
||
| 100 | _aGelman, Andrew | ||
| 245 | _aActive statistics: Stories, Games problems, and hand-on demonstrations for applied regression and causal inference | ||
| 260 |
_aNew York _bCambridge university press _c2024 |
||
| 300 |
_avii, 361 p. _bIncludes bibliographical reference and index |
||
| 520 | _aApplied regression and causal inference are central to statistics and data science. This book provides a large collection of stories, with hands-on activities, demonstrations, and problems that bring the subject to life and which facilitate group work and active student participation. | ||
| 650 |
_aStatistics study and teaching _9754875 |
||
| 650 | _aMathematical statistics | ||
| 650 |
_aActive learning _9754876 |
||
| 700 |
_aVehtari, Aki _eCo-author _9754877 |
||
| 942 |
_2CC _n0 _cTB _hB28 R4 |
||
| 999 |
_c1312940 _d1312940 |
||